000 00388nam a2200121Ia 4500
008 171212s9999 xx 000 0 und d
020 _a9781474415477
100 _aBruno De Nicola,
245 _cBruno De Nicola,
_aWomen in Mongol Iran
_bThe Khatuns, 1206-1335
260 _bEdinburgh University Press
_c2017
650 _aHistory
856 _uhttp://jstor.org/stable/10.3366/j.ctt1g09twn
999 _c351474
_d351474